| 000 | 00933nam0a22002771 4500 | ||
|---|---|---|---|
| 001 | rc\131354 | ||
| 005 | 20251202160538.0 | ||
| 035 | _a(NLR Aleph) 005405772 | ||
| 090 |
_a7320982 _c7320982 |
||
| 100 | _a20030307d1995 u y0rusy50 ca | ||
| 101 | 0 |
_arus _aheb |
|
| 102 | _aRU | ||
| 105 | _ac z|||001yy | ||
| 200 | 1 |
_aПомни! _e(еврейские традиции похорон, траура и поминовения) _f[Сост. И. Гиссер] |
|
| 210 |
_aОдесса _aМосква _cМЕРО "Марьина роща" _cЛехаим _d1995 |
||
| 215 |
_a51, [4] с. _d17 |
||
| 300 | _aЧасть текста парал.: иврит, рус. | ||
| 320 | _aБиблиогр.: с. 52 (5 назв.) | ||
| 702 | 1 |
_aГиссер _bИ. _gИшая _4220 |
|
| 801 | 0 |
_aRU _bNLR _gpsbo |
|
| 801 | 1 |
_aRU _bELAR _2rusmarc |
|
| 852 |
_aNLR _bОЛСАА-ивр _j2-1216 |
||
| 942 | _cBOOK | ||
| 980 | _aNB | ||
| 980 | 1 | _aHEBR | |